00889 a2200217 4500001000700000020001800007040002200025041001600047082002100063100005200084245005300136250001100189260003100200362001300231500003600244697016700280942000700447952009900454952009900553999001900652137403 a9788502082663 cLeonardo Da Vinci aPortuguês a330 S579ebS579e aSILVA, César Roberto Leite daaLUIZ, Sinclayr aEconomia e mercadosbintrodução à economia a19. ed bSaraivac2011aSão Paulo a20110000 aEdição revista e atualizada aEconomiaaMercado financeiroaMicroeconomiaaMacroeconomiaaSistema econômicoaEconomia internacionalaContabilidadeaRendaaSistema financeiroaCâmbioaFIPEN cBK 00104070a71.1b71.1d2024-03-27l0o330 S579epO015120r2024-03-27 22:37:36w2024-03-27yBK 00104070a71.1b71.1d2024-03-27l0o330 S579epO015454r2024-03-27 22:37:36w2024-03-27yBK c137403d137403